Football clubs of French-language countries - Statistics

General Stats
  • This quiz has been taken 8 times
  • The average score is 10 of 20
Answer Stats
Football team Country % Correct
Charleroi Belgium
100%
Sochaux France
86%
Sion Switzerland
86%
Jeunesse Esch Luxembourg
71%
Inter Club d'Escaldes Andorra
57%
Le Messager FC de Bujumbura Burundi
57%
Étoile des Comores Comoros
57%
Dynamic Togolais Togo
57%
JS Bordj Ménaïel Algeria
43%
Tongo FC Jambon Congo
43%
Onze Créateurs de Niaréla Mali
43%
Sahel SC Niger
43%
Guédiawaye Senegal
43%
Mambas Noirs Benin
29%
En Avant Estuaire Gabon
29%
Hatüey Bacardi Club Haiti
29%
Single Buoy Moorings Monaco
29%
Police Kibungo Rwanda
29%
Super Magic Brothers Seychelles
29%
OC Mbongo Sport Democratic Republic of Congo
14%
No matching quizzes found
Score Distribution
Percent of People with Each Score
Percentile by Number Answered
Your Score History
You have not taken this quiz